000 00284nam a2200145Ia 4500
100 _aSucec/ James
942 _cRB
654 _aHeat
245 _aHeat transfer
260 _bJaico Pub
_aBombay
_c1994
082 _a621.4022
300 _a853
546 _aENGLISH
999 _c34737
_d34737